[Event "Hollywood op"]
[Site "Los Angeles USA"]
[Date "2022.08.03"]
[Round "2.14"]
[White "Bortnyk, Mariia"]
[Black "Sambuev, Bator"]
[Result "1/2-1/2"]
[WhiteElo "2192"]
[BlackElo "2466"]
[PlyCount "124"]
[EventDate "2022.08.03"]
[EventType "swiss"]
[EventRounds "9"]
[EventCountry "USA"]
[Source "ChessMix"]
[SourceDate "2022.08.10"]

1. e4 {[%emt 0:03:25]} Nf6 {[%emt 0:00:32]} 2. e5 {[%emt 0:00:31]} Nd5 {
[%emt 0:00:08]} 3. Bc4 {[%emt 0:00:14]} Nb6 {[%emt 0:01:34]} 4. Bb3 {
[%emt 0:00:06]} d5 {[%emt 0:00:25]} 5. d4 {[%emt 0:00:30]} Bf5 {[%emt 0:00:56]}
6. Ne2 {[%emt 0:01:04]} e6 {[%emt 0:00:53]} 7. Be3 {[%emt 0:04:00]} Nc6 {
[%emt 0:05:24]} 8. Nd2 {[%emt 0:05:53]} Na5 {[%emt 0:04:29]} 9. Ng3 {
[%emt 0:00:30]} Bg6 {[%emt 0:00:09]} 10. c3 {[%emt 0:04:24]} Nxb3 {
[%emt 0:00:56]} 11. axb3 {[%emt 0:00:27]} Be7 {[%emt 0:03:49]} 12. O-O {
[%emt 0:01:57]} O-O {[%emt 0:00:08]} 13. f4 {[%emt 0:02:37]} f6 {[%emt 0:01:21]
} 14. exf6 {[%emt 0:01:09]} Rxf6 {[%emt 0:07:56]} 15. Nf3 {[%emt 0:00:41]} Nd7
{[%emt 0:01:20]} 16. Nh4 {[%emt 0:08:08]} Bf5 {[%emt 0:01:03]} 17. c4 {
[%emt 0:23:55]} Rf8 {[%emt 0:02:31]} 18. Nhxf5 {[%emt 0:02:39]} exf5 {
[%emt 0:00:07]} 19. Qf3 {[%emt 0:00:44]} Nb6 {[%emt 0:00:20]} 20. c5 {
[%emt 0:09:16]} Nc8 {[%emt 0:04:02]} 21. Bf2 {[%emt 0:01:47]} g6 {
[%emt 0:00:19]} 22. b4 {[%emt 0:02:59]} Bf6 {[%emt 0:00:30]} 23. b5 {
[%emt 0:01:08]} Ne7 {[%emt 0:00:24]} 24. Ne2 {[%emt 0:01:37]} Qd7 {
[%emt 0:06:30]} 25. Nc3 {[%emt 0:01:33]} Rfd8 {[%emt 0:00:30]} 26. Ra4 {
[%emt 0:03:38]} c6 {[%emt 0:07:28]} 27. Qd3 {[%emt 0:03:33]} cxb5 {
[%emt 0:01:57]} 28. Nxb5 {[%emt 0:00:07]} Nc6 {[%emt 0:03:12]} 29. Rfa1 {
[%emt 0:00:47]} a6 {[%emt 0:00:35]} 30. Qb3 {[%emt 0:01:04]} Be7 {
[%emt 0:03:07]} 31. Qh3 {[%emt 0:01:55]} Re8 {[%emt 0:06:00]} 32. b4 {
[%emt 0:04:22]} Rad8 {[%emt 0:01:59]} 33. Nc3 {[%emt 0:00:10]} Bf6 {
[%emt 0:02:10]} 34. Qd3 {[%emt 0:01:07]} Qc7 {[%emt 0:02:07]} 35. g3 {
[%emt 0:00:33]} Qg7 {[%emt 0:01:04]} 36. b5 {[%emt 0:00:45]} axb5 {
[%emt 0:00:18]} 37. Nxb5 {[%emt 0:00:08]} h5 {[%emt 0:04:32]} 38. Nd6 {
[%emt 0:01:38]} Re4 {[%emt 0:12:05]} 39. Nxe4 {[%emt 0:02:37]} dxe4 {
[%emt 0:00:08]} 40. Qc4+ {[%emt 0:01:05]} Kh7 {[%emt 0:00:54]} 41. Rd1 {
[%emt 0:00:37]} g5 {[%emt 0:00:29]} 42. fxg5 {[%emt 0:00:42]} Qxg5 {
[%emt 0:04:39]} 43. Qe2 {[%emt 0:01:46]} h4 {[%emt 0:00:57]} 44. Kh1 {
[%emt 0:02:15]} hxg3 {[%emt 0:01:21]} 45. hxg3 {[%emt 0:00:12]} Ne7 {
[%emt 0:01:27]} 46. Be3 {[%emt 0:00:27]} Qg6 {[%emt 0:01:00]} 47. Ra7 {
[%emt 0:01:04]} Rd7 {[%emt 0:01:36]} 48. d5 {[%emt 0:00:26]} Qe8 {
[%emt 0:01:16]} 49. c6 {[%emt 0:01:28]} bxc6 {[%emt 0:00:18]} 50. Rxd7 {
[%emt 0:00:08]} Qxd7 {[%emt 0:00:30]} 51. Qh5+ {[%emt 0:00:09]} Kg8 {
[%emt 0:02:15]} 52. dxc6 {[%emt 0:00:16]} Qc8 {[%emt 0:01:11]} 53. Bg5 {
[%emt 0:01:33]} e3 {[%emt 0:00:24]} 54. Bxf6 {[%emt 0:01:28]} Qxc6+ {
[%emt 0:00:12]} 55. Kg1 {[%emt 0:00:25]} Qxf6 {[%emt 0:00:13]} 56. Rd8+ {
[%emt 0:00:47]} Kg7 {[%emt 0:00:10]} 57. Qh8+ {[%emt 0:00:39]} Kg6 {
[%emt 0:00:10]} 58. Qe8+ {[%emt 0:00:39]} Kg5 {[%emt 0:01:52]} 59. Qa4 {
[%emt 0:00:17]} Ng6 {[%emt 0:02:05]} 60. Rg8 {[%emt 0:00:33]} Kh6 {
[%emt 0:00:12]} 61. Qe8 {[%emt 0:00:18]} Qg5 {[%emt 0:00:43]} 62. Rxg6+ {
[%emt 0:00:53]} Qxg6 {[%emt 0:00:05]} 1/2-1/2

[Event "Hollywood op"]
[Site "Los Angeles USA"]
[Date "2022.08.04"]
[Round "3.15"]
[White "Sambuev, Bator"]
[Black "Gutla, Aryan"]
[Result "1-0"]
[WhiteElo "2466"]
[BlackElo "2038"]
[PlyCount "55"]
[EventDate "2022.08.03"]
[EventType "swiss"]
[EventRounds "9"]
[EventCountry "USA"]
[Source "ChessMix"]
[SourceDate "2022.08.10"]

1. e4 {[%emt 0:00:02]} c5 {[%emt 0:00:03]} 2. Ne2 {[%emt 0:00:08]} d6 {
[%emt 0:00:21]} 3. g3 {[%emt 0:00:19]} Nf6 4. Bg2 {[%emt 0:00:05]} g6 {
[%emt 0:00:05]} 5. O-O {[%emt 0:00:14]} Bg7 {[%emt 0:00:31]} 6. c3 {
[%emt 0:00:07]} O-O {[%emt 0:00:19]} 7. d4 {[%emt 0:00:03]} cxd4 {
[%emt 0:00:47]} 8. cxd4 {[%emt 0:00:05]} Nc6 {[%emt 0:00:25]} 9. Nbc3 {
[%emt 0:00:26]} Re8 {[%emt 0:01:07]} 10. h3 {[%emt 0:00:31]} e5 {[%emt 0:02:49]
} 11. Be3 {[%emt 0:00:40]} Bd7 {[%emt 0:06:07]} 12. Qd2 {[%emt 0:05:42]} exd4 {
[%emt 0:13:36]} 13. Nxd4 {[%emt 0:00:26]} Nxd4 {[%emt 0:00:09]} 14. Bxd4 {
[%emt 0:00:04]} Bc6 {[%emt 0:00:12]} 15. Rfe1 {[%emt 0:00:54]} Qa5 {
[%emt 0:02:05]} 16. a3 {[%emt 0:01:22]} Qd8 {[%emt 0:30:01]} 17. b4 {
[%emt 0:04:38]} Qd7 {[%emt 0:05:03]} 18. Qb2 {[%emt 0:03:59]} b6 {
[%emt 0:02:40]} 19. Rad1 {[%emt 0:01:20]} Rac8 {[%emt 0:10:14]} 20. g4 {
[%emt 0:05:46]} Re7 {[%emt 0:05:57]} 21. Re3 {[%emt 0:13:51]} Rce8 {
[%emt 0:08:24]} 22. Ne2 {[%emt 0:03:21]} Bxe4 {[%emt 0:08:40]} 23. Bxe4 {
[%emt 0:03:18]} Rxe4 {[%emt 0:00:16]} 24. Bxf6 {[%emt 0:00:14]} Rxe3 {
[%emt 0:01:04]} 25. fxe3 {[%emt 0:00:10]} Qe6 {[%emt 0:01:34]} 26. Bd4 {
[%emt 0:02:05]} Bxd4 {[%emt 0:00:42]} 27. Nxd4 {[%emt 0:01:27]} Qxe3+ {
[%emt 0:00:09]} 28. Kg2 {[%emt 0:00:07]} 1-0

[Event "Hollywood op"]
[Site "Los Angeles USA"]
[Date "2022.08.04"]
[Round "4.9"]
[White "Nakada, Akira"]
[Black "Sambuev, Bator"]
[Result "1/2-1/2"]
[WhiteElo "2323"]
[BlackElo "2466"]
[PlyCount "192"]
[EventDate "2022.08.03"]
[EventType "swiss"]
[EventRounds "9"]
[EventCountry "USA"]
[Source "ChessMix"]
[SourceDate "2022.08.10"]

1. c4 {[%emt 0:04:47]} e5 {[%emt 0:00:11]} 2. Nc3 {[%emt 0:00:03]} g6 {
[%emt 0:00:30]} 3. d4 {[%emt 0:00:59]} d6 {[%emt 0:00:08]} 4. Nf3 {
[%emt 0:00:22]} Bg7 {[%emt 0:00:22]} 5. e3 {[%emt 0:00:22]} Nd7 {[%emt 0:05:15]
} 6. Be2 {[%emt 0:00:10]} Ngf6 {[%emt 0:00:46]} 7. O-O {[%emt 0:00:06]} O-O {
[%emt 0:00:07]} 8. b4 {[%emt 0:04:22]} exd4 {[%emt 0:11:17]} 9. exd4 {
[%emt 0:00:48]} c5 {[%emt 0:03:41]} 10. Bf4 {[%emt 0:02:51]} cxb4 {
[%emt 0:06:12]} 11. Nb5 {[%emt 0:01:07]} Ne4 {[%emt 0:03:25]} 12. Nxd6 {
[%emt 0:03:34]} Ndf6 {[%emt 0:02:06]} 13. Nxe4 {[%emt 0:06:42]} Nxe4 {
[%emt 0:02:30]} 14. a3 {[%emt 0:00:39]} Nc3 {[%emt 0:03:00]} 15. Qd2 {
[%emt 0:00:15]} Nxe2+ {[%emt 0:02:59]} 16. Qxe2 {[%emt 0:00:07]} Bg4 {
[%emt 0:02:31]} 17. axb4 {[%emt 0:01:29]} Bxf3 {[%emt 0:03:01]} 18. Qxf3 {
[%emt 0:00:06]} Qxd4 {[%emt 0:00:44]} 19. Rac1 {[%emt 0:03:06]} Qb6 {
[%emt 0:08:46]} 20. c5 {[%emt 0:28:11]} Qb5 {[%emt 0:05:17]} 21. c6 {
[%emt 0:01:15]} bxc6 {[%emt 0:00:33]} 22. Qxc6 {[%emt 0:00:07]} Qf5 {
[%emt 0:02:16]} 23. Be3 {[%emt 0:05:55]} a6 {[%emt 0:02:14]} 24. Rfd1 {
[%emt 0:09:51]} Rfc8 {[%emt 0:01:02]} 25. Qb6 {[%emt 0:00:08]} Rcb8 {
[%emt 0:03:19]} 26. Qc5 {[%emt 0:00:04]} Qe6 {[%emt 0:03:54]} 27. Qc4 {
[%emt 0:01:36]} Qxc4 {[%emt 0:06:59]} 28. Rxc4 {[%emt 0:00:06]} Rb5 {
[%emt 0:00:34]} 29. Kf1 {[%emt 0:06:17]} Bf8 {[%emt 0:02:28]} 30. Bc5 {
[%emt 0:00:24]} Rc8 {[%emt 0:00:12]} 31. Rdc1 {[%emt 0:00:07]} Bh6 {
[%emt 0:02:23]} 32. Be3 {[%emt 0:00:57]} Rxc4 {[%emt 0:00:10]} 33. Rxc4 {
[%emt 0:00:07]} Bxe3 {[%emt 0:00:03]} 34. fxe3 {[%emt 0:00:05]} Rb6 {
[%emt 0:00:16]} 35. Ke2 {[%emt 0:01:03]} Kg7 {[%emt 0:00:56]} 36. Kd3 {
[%emt 0:01:17]} g5 {[%emt 0:01:36]} 37. Ke4 {[%emt 0:02:46]} Rf6 {
[%emt 0:02:29]} 38. Rc5 {[%emt 0:00:09]} h6 {[%emt 0:00:48]} 39. Rc2 {
[%emt 0:01:00]} g4 {[%emt 0:01:09]} 40. Ra2 {[%emt 0:01:55]} h5 {[%emt 0:01:04]
} 41. h3 {[%emt 0:04:24]} Kg6 {[%emt 0:05:16]} 42. hxg4 {[%emt 0:00:05]} h4 {
[%emt 0:00:57]} 43. Ra5 {[%emt 0:03:16]} Rf2 {[%emt 0:00:12]} 44. Rxa6+ {
[%emt 0:01:39]} Kg5 {[%emt 0:00:09]} 45. Ra8 {[%emt 0:00:05]} Rxg2 {
[%emt 0:00:45]} 46. Rg8+ {[%emt 0:00:14]} Kf6 {[%emt 0:00:06]} 47. Kf3 {
[%emt 0:01:29]} h3 {[%emt 0:00:31]} 48. Rh8 {[%emt 0:00:29]} Rb2 {
[%emt 0:00:09]} 49. Rxh3 {[%emt 0:00:14]} Rxb4 {[%emt 0:00:05]} 50. Rh6+ {
[%emt 0:01:03]} Kg5 {[%emt 0:00:22]} 51. Rh5+ {[%emt 0:00:06]} Kg6 {
[%emt 0:00:06]} 52. Ra5 {[%emt 0:00:12]} f6 {[%emt 0:00:29]} 53. Ra8 {
[%emt 0:00:29]} Rc4 {[%emt 0:00:14]} 54. Rd8 {[%emt 0:00:31]} Ra4 {
[%emt 0:00:10]} 55. Rd4 {[%emt 0:00:06]} Ra6 {[%emt 0:00:14]} 56. Kf4 {
[%emt 0:00:20]} Rb6 {[%emt 0:00:24]} 57. Ra4 {[%emt 0:00:36]} Rc6 {
[%emt 0:00:17]} 58. e4 {[%emt 0:00:17]} Rc1 {[%emt 0:00:37]} 59. Ra6 {
[%emt 0:00:18]} Rf1+ {[%emt 0:00:12]} 60. Kg3 {[%emt 0:00:16]} Rg1+ {
[%emt 0:00:24]} 61. Kf3 {[%emt 0:00:04]} Rf1+ {[%emt 0:00:09]} 62. Ke2 {
[%emt 0:00:06]} Rf4 {[%emt 0:00:23]} 63. Ke3 {[%emt 0:00:04]} Rxg4 {
[%emt 0:00:11]} 64. e5 {[%emt 0:00:11]} Kf5 {[%emt 0:00:16]} 65. exf6 {
[%emt 0:00:09]} Kg6 {[%emt 0:00:06]} 66. Kf3 {[%emt 0:00:10]} Rb4 {
[%emt 0:00:06]} 67. Ke3 {[%emt 0:00:09]} Rh4 {[%emt 0:00:05]} 68. Rb6 {
[%emt 0:00:04]} Ra4 {[%emt 0:00:04]} 69. Kd3 {[%emt 0:00:03]} Rh4 {
[%emt 0:00:05]} 70. Ke2 {[%emt 0:00:05]} Ra4 {[%emt 0:00:04]} 71. Rb3 {
[%emt 0:00:07]} Rf4 {[%emt 0:00:06]} 72. Ke3 {[%emt 0:00:08]} Rxf6 {
[%emt 0:00:25]} 73. Rb1 {[%emt 0:00:04]} Rf7 {[%emt 0:00:05]} 74. Rb5 {
[%emt 0:00:05]} Rf6 {[%emt 0:00:05]} 75. Ke4 {[%emt 0:00:04]} Rf7 {
[%emt 0:00:05]} 76. Rb8 {[%emt 0:00:07]} Rf6 {[%emt 0:00:07]} 77. Rg8+ {
[%emt 0:00:05]} Kf7 {[%emt 0:00:04]} 78. Ra8 {[%emt 0:00:06]} Kg6 {
[%emt 0:00:06]} 79. Ra7 {[%emt 0:00:05]} Re6+ {[%emt 0:00:05]} 80. Kf4 {
[%emt 0:00:03]} Rf6+ {[%emt 0:00:07]} 81. Kg4 {[%emt 0:00:03]} Re6 {
[%emt 0:00:04]} 82. Ra4 {[%emt 0:00:04]} Rf6 {[%emt 0:00:05]} 83. Re4 {
[%emt 0:00:10]} Rd6 {[%emt 0:00:04]} 84. Rb4 {[%emt 0:00:08]} Rf6 {
[%emt 0:00:04]} 85. Rc4 {[%emt 0:00:06]} Re6 {[%emt 0:00:03]} 86. Kf4 {
[%emt 0:00:04]} Rf6+ {[%emt 0:00:05]} 87. Ke4 {[%emt 0:00:03]} Re6+ {
[%emt 0:00:05]} 88. Kd5 {[%emt 0:00:03]} Rf6 {[%emt 0:00:05]} 89. Rg4+ {
[%emt 0:00:05]} Kf7 {[%emt 0:00:05]} 90. Rg1 {[%emt 0:00:09]} Rf5+ {
[%emt 0:00:03]} 91. Ke4 {[%emt 0:00:05]} Rf6 {[%emt 0:00:04]} 92. Ke5 {
[%emt 0:00:06]} Re6+ {[%emt 0:00:05]} 93. Kd5 {[%emt 0:00:04]} Rf6 {
[%emt 0:00:04]} 94. Rg4 {[%emt 0:00:03]} Re6 {[%emt 0:00:09]} 95. Rf4+ {
[%emt 0:00:08]} Rf6 {[%emt 0:00:06]} 96. Rxf6+ {[%emt 0:00:04]} Kxf6 {
[%emt 0:00:07]} 1/2-1/2

[Event "Hollywood op"]
[Site "Los Angeles USA"]
[Date "2022.08.05"]
[Round "5.8"]
[White "Sambuev, Bator"]
[Black "Wang, Henry H"]
[Result "1/2-1/2"]
[WhiteElo "2466"]
[BlackElo "2144"]
[PlyCount "118"]
[EventDate "2022.08.03"]
[EventType "swiss"]
[EventRounds "9"]
[EventCountry "USA"]
[Source "ChessMix"]
[SourceDate "2022.08.10"]

1. Nf3 d5 2. c4 c6 3. e3 Nf6 4. d4 a6 5. Bd3 Bg4 6. Nbd2 e6 7. b3 Nbd7 8. Bb2
Bd6 9. Qc2 Bh5 10. Ne5 Bg6 11. Nxg6 hxg6 12. O-O-O c5 13. e4 dxc4 14. Nxc4 Bf4+
15. Kb1 b5 16. Ne5 Rc8 17. Nxd7 Nxd7 18. d5 exd5 19. exd5 Kf8 20. Qe2 Bd6 21.
h4 Qe7 22. Qg4 Re8 23. h5 g5 24. h6 Be5 25. d6 Qf6 26. hxg7+ Kxg7 27. Bc1 Rxh1
28. Rxh1 Qxd6 29. Bf5 Kf8 30. Bxg5 Nf6 31. Qh4 Qd4 32. Qxd4 Bxd4 33. Rh8+ Ng8
34. Rh1 Re2 35. Bc2 Rxf2 36. g4 Rg2 37. a4 Rxg4 38. Bd8 Bf6 39. Bb6 c4 40. a5
Ne7 41. bxc4 bxc4 42. Rd1 Rg5 43. Be4 Rb5+ 44. Kc1 c3 45. Rf1 Kg7 46. Rg1+ Ng6
47. Bd3 Rb2 48. Bxa6 Kf8 49. Bc5+ Ke8 50. Re1+ Kd7 51. Re2 Bg5+ 52. Kd1 Bd2 53.
Be3 Rb1+ 54. Kc2 Rb2+ 55. Kd1 Rb1+ 56. Kc2 Rb2+ 57. Kd1 Rb1+ 58. Kc2 Rb2+ 59.
Kd1 Kd8 1/2-1/2

[Event "Hollywood op"]
[Site "Los Angeles USA"]
[Date "2022.08.05"]
[Round "6.12"]
[White "Almeida Saenz, Alfonso"]
[Black "Sambuev, Bator"]
[Result "1/2-1/2"]
[WhiteElo "2242"]
[BlackElo "2466"]
[PlyCount "123"]
[EventDate "2022.08.03"]
[EventType "swiss"]
[EventRounds "9"]
[EventCountry "USA"]
[Source "ChessMix"]
[SourceDate "2022.08.10"]

1. d4 {[%emt 2:17:14]} g6 {[%emt 0:00:08]} 2. e4 {[%emt 0:00:14]} Bg7 {
[%emt 0:00:05]} 3. Nc3 {[%emt 0:00:13]} d6 {[%emt 0:00:09]} 4. Bg5 {
[%emt 0:00:14]} h6 {[%emt 0:00:50]} 5. Bh4 {[%emt 0:00:12]} c6 {[%emt 0:02:52]}
6. Bc4 {[%emt 0:00:33]} Qb6 {[%emt 0:03:07]} 7. Qf3 {[%emt 0:01:57]} f5 {
[%emt 0:02:11]} 8. O-O-O {[%emt 0:00:52]} Nf6 {[%emt 0:10:40]} 9. Bxf6 {
[%emt 0:00:30]} Bxf6 {[%emt 0:00:11]} 10. exf5 {[%emt 0:00:09]} Rf8 {
[%emt 0:02:31]} 11. Qe3 {[%emt 0:11:44]} Bxf5 {[%emt 0:07:56]} 12. Ne4 {
[%emt 0:00:16]} Bxe4 {[%emt 0:02:07]} 13. Qxe4 {[%emt 0:00:01]} d5 {
[%emt 0:01:27]} 14. Qxg6+ {[%emt 0:00:09]} Kd8 {[%emt 0:00:08]} 15. Bb3 {
[%emt 0:01:21]} a5 {[%emt 0:00:58]} 16. a4 {[%emt 0:00:07]} Bxd4 {
[%emt 0:03:00]} 17. Nf3 {[%emt 0:01:36]} Bf6 {[%emt 0:05:47]} 18. Qxh6 {
[%emt 0:00:54]} Nd7 {[%emt 0:00:51]} 19. Ng5 {[%emt 0:01:14]} Kc8 {
[%emt 0:06:33]} 20. Ne6 {[%emt 0:01:41]} Rg8 {[%emt 0:01:47]} 21. Qh3 {
[%emt 0:09:12]} Kb8 {[%emt 0:04:30]} 22. f4 {[%emt 0:04:01]} Qb4 {
[%emt 0:06:11]} 23. g4 {[%emt 0:01:26]} Nb6 {[%emt 0:00:34]} 24. g5 {
[%emt 0:04:12]} Bh8 {[%emt 0:01:36]} 25. f5 {[%emt 0:08:02]} c5 {[%emt 0:15:41]
} 26. Qg3+ {[%emt 0:00:13]} Ka7 {[%emt 0:00:33]} 27. Qe1 {[%emt 0:00:28]} c4 {
[%emt 0:03:32]} 28. Qxb4 {[%emt 0:00:20]} axb4 {[%emt 0:00:06]} 29. a5 {
[%emt 0:00:03]} cxb3 {[%emt 0:03:24]} 30. axb6+ {[%emt 0:00:02]} Kxb6 {
[%emt 0:00:06]} 31. cxb3 {[%emt 0:00:09]} Ra2 {[%emt 0:00:17]} 32. Kd2 {
[%emt 0:02:06]} Rxb2+ {[%emt 0:00:38]} 33. Ke3 {[%emt 0:00:01]} Rxb3+ {
[%emt 0:00:30]} 34. Kf4 {[%emt 0:00:01]} Rc8 {[%emt 0:01:48]} 35. Kg4 {
[%emt 0:00:02]} Rc4+ {[%emt 0:01:43]} 36. Kh5 {[%emt 0:00:02]} Kc6 {
[%emt 0:00:22]} 37. h4 {[%emt 0:00:21]} Rf3 {[%emt 0:00:36]} 38. Kg6 {
[%emt 0:00:05]} Kd6 {[%emt 0:02:44]} 39. h5 {[%emt 0:00:17]} b3 {[%emt 0:02:06]
} 40. h6 {[%emt 0:00:02]} b2 {[%emt 0:01:11]} 41. Ng7 {[%emt 0:00:14]} Rfc3 {
[%emt 0:01:21]} 42. f6 {[%emt 0:07:05]} exf6 {[%emt 0:02:20]} 43. gxf6 {
[%emt 0:00:24]} Rc1 {[%emt 0:01:35]} 44. Nf5+ {[%emt 0:00:50]} Kc6 {
[%emt 0:02:20]} 45. f7 {[%emt 0:00:25]} b1=Q {[%emt 0:00:07]} 46. Rxc1 {
[%emt 0:01:50]} Qb4 {[%emt 0:00:26]} 47. Rxc4+ {[%emt 0:04:12]} dxc4 {
[%emt 0:00:09]} 48. Rh4 {[%emt 0:00:08]} Kd5 {[%emt 0:02:02]} 49. Ne3+ {
[%emt 0:06:09]} Ke6 {[%emt 0:00:04]} 50. Re4+ {[%emt 0:00:26]} Be5 {
[%emt 0:00:13]} 51. Ng4 {[%emt 0:00:35]} Qb1 {[%emt 0:00:10]} 52. f8=Q {
[%emt 0:00:11]} Qxe4+ {[%emt 0:00:06]} 53. Kg5 {[%emt 0:00:05]} Bd4 {
[%emt 0:00:48]} 54. Qe8+ {[%emt 0:00:15]} Kd5 {[%emt 0:00:34]} 55. Qxe4+ {
[%emt 0:03:28]} Kxe4 {[%emt 0:00:07]} 56. Nf6+ {[%emt 0:00:05]} Bxf6+ {
[%emt 0:00:22]} 57. Kxf6 c3 {[%emt 0:00:06]} 58. h7 {[%emt 0:00:09]} c2 {
[%emt 0:00:04]} 59. h8=Q {[%emt 0:00:02]} c1=Q {[%emt 0:00:06]} 60. Qh7+ {
[%emt 0:00:09]} Kd4 {[%emt 0:00:19]} 61. Qd7+ {[%emt 0:00:10]} Ke3 {
[%emt 0:00:16]} 62. Qxb7 {[%emt 0:00:15]} 1/2-1/2

[Event "Hollywood op"]
[Site "Los Angeles USA"]
[Date "2022.08.06"]
[Round "7.11"]
[White "Sambuev, Bator"]
[Black "Lin, Andy"]
[Result "1-0"]
[WhiteElo "2466"]
[BlackElo "2246"]
[PlyCount "123"]
[EventDate "2022.08.03"]
[EventType "swiss"]
[EventRounds "9"]
[EventCountry "USA"]
[Source "ChessMix"]
[SourceDate "2022.08.10"]

1. Nf3 {[%emt 0:05:45]} d5 {[%emt 0:00:07]} 2. e3 {[%emt 0:00:03]} e6 {
[%emt 0:00:30]} 3. d4 {[%emt 0:00:14]} Nf6 {[%emt 0:01:01]} 4. Bd3 {
[%emt 0:00:05]} c5 {[%emt 0:00:37]} 5. b3 {[%emt 0:00:04]} Nc6 {[%emt 0:00:43]}
6. O-O {[%emt 0:00:07]} b6 {[%emt 0:00:31]} 7. Bb2 {[%emt 0:00:44]} Bb7 {
[%emt 0:00:05]} 8. Nbd2 {[%emt 0:03:50]} Rc8 {[%emt 0:00:33]} 9. a3 {
[%emt 0:00:41]} cxd4 {[%emt 0:00:33]} 10. exd4 {[%emt 0:01:45]} g6 {
[%emt 0:00:12]} 11. c4 {[%emt 0:01:32]} Bg7 {[%emt 0:00:07]} 12. c5 {
[%emt 0:01:37]} Nd7 {[%emt 0:01:21]} 13. b4 {[%emt 0:00:59]} bxc5 {
[%emt 0:00:08]} 14. bxc5 {[%emt 0:00:04]} O-O {[%emt 0:00:07]} 15. Rb1 {
[%emt 0:03:49]} e5 {[%emt 0:04:35]} 16. dxe5 {[%emt 0:09:35]} Nxc5 {
[%emt 0:00:10]} 17. Nb3 {[%emt 0:01:18]} Nxd3 {[%emt 0:05:17]} 18. Qxd3 {
[%emt 0:02:54]} Qb6 {[%emt 0:00:03]} 19. Rfe1 {[%emt 0:02:29]} Ba6 {
[%emt 0:06:34]} 20. Qd1 {[%emt 0:00:12]} Bc4 {[%emt 0:09:46]} 21. Ba1 {
[%emt 0:02:50]} Nd8 {[%emt 0:24:54]} 22. e6 {[%emt 0:24:34]} fxe6 {
[%emt 0:01:20]} 23. Bxg7 {[%emt 0:00:41]} Kxg7 {[%emt 0:00:04]} 24. Nbd4 {
[%emt 0:00:29]} Qd6 {[%emt 0:06:40]} 25. Re3 {[%emt 0:02:06]} Rc7 {
[%emt 0:03:39]} 26. Ne5 {[%emt 0:03:10]} Ba6 {[%emt 0:01:49]} 27. h4 {
[%emt 0:00:52]} Kh8 {[%emt 0:06:27]} 28. g3 {[%emt 0:07:09]} Re7 {
[%emt 0:02:10]} 29. Qe1 {[%emt 0:08:04]} Bc8 {[%emt 0:01:09]} 30. Qc3 {
[%emt 0:00:53]} Rc7 {[%emt 0:01:18]} 31. Qa1 {[%emt 0:00:10]} Rg7 {
[%emt 0:00:26]} 32. Rc1 {[%emt 0:01:32]} Bd7 {[%emt 0:02:39]} 33. Rce1 {
[%emt 0:03:07]} Be8 {[%emt 0:00:05]} 34. Kg2 {[%emt 0:06:31]} Kg8 {
[%emt 0:00:05]} 35. Ng4 {[%emt 0:00:19]} Bd7 {[%emt 0:00:27]} 36. Kg1 {
[%emt 0:01:09]} Kh8 {[%emt 0:01:55]} 37. Ne5 {[%emt 0:02:56]} Be8 {
[%emt 0:00:06]} 38. Nd3 {[%emt 0:01:57]} Bd7 {[%emt 0:00:12]} 39. Qc3 {
[%emt 0:01:37]} Kg8 {[%emt 0:00:19]} 40. Nc5 {[%emt 0:00:27]} Re7 {
[%emt 0:01:49]} 41. Nd3 {[%emt 0:00:47]} Ref7 {[%emt 0:01:37]} 42. R1e2 {
[%emt 0:00:20]} Rg7 {[%emt 0:03:17]} 43. Ne5 {[%emt 0:00:18]} Be8 {
[%emt 0:00:10]} 44. f4 {[%emt 0:00:54]} Rc7 {[%emt 0:00:18]} 45. Qa1 {
[%emt 0:00:09]} Rg7 {[%emt 0:00:51]} 46. Kh2 {[%emt 0:00:05]} Kh8 {
[%emt 0:00:30]} 47. Ng4 {[%emt 0:00:21]} Bd7 {[%emt 0:00:11]} 48. Nh6 {
[%emt 0:00:57]} Rxf4 {[%emt 0:02:11]} 49. gxf4 {[%emt 0:01:45]} Qxf4+ {
[%emt 0:00:03]} 50. Kg2 {[%emt 0:01:52]} Qxh6 {[%emt 0:01:04]} 51. Nf3 {
[%emt 0:00:36]} Qf4 {[%emt 0:00:39]} 52. Qe5 {[%emt 0:00:09]} Qxe5 {
[%emt 0:00:38]} 53. Nxe5 {[%emt 0:00:05]} Kg8 {[%emt 0:00:49]} 54. Rc3 {
[%emt 0:00:45]} d4 {[%emt 0:02:53]} 55. Rc4 {[%emt 0:01:04]} Bb5 {
[%emt 0:04:14]} 56. Rc8 {[%emt 0:00:23]} Kf8 {[%emt 0:00:12]} 57. Rd2 {
[%emt 0:01:03]} Ke7 {[%emt 0:01:09]} 58. Rxd4 {[%emt 0:00:35]} Rg8 {
[%emt 0:03:02]} 59. Rc7+ {[%emt 0:00:10]} Ke8 {[%emt 0:00:25]} 60. Kg3 {
[%emt 0:00:39]} h5 {[%emt 0:00:27]} 61. Rxa7 {[%emt 0:00:53]} g5 {
[%emt 0:00:05]} 62. Rxd8+ {[%emt 0:00:13]} 1-0